00622nam a22001817a 450000500170000000800410001701000100005801100100006803500100007810000340008824501300012226000400025230000100029250000120030250200810031465000220039565000230041720220329141300.0971010s1991 r 00010 d a65702 a66674 a7527800aRodríguez Badillo, Gerardo. aEvaluación ex post al proyecto, empacadoras de durazno de la Unión de Ejidos Emiliano Zapata Municipio de Jerez Zacatecas aChapingo, Méx. :bEl autor,c1991 a185 h a1992-23 aTesis (Ing. Agr. Esp. en Zonas Aridas) -- UACH. Departamento de Zonas Aridas14aDuraznoxEmpaque.14aDuraznoxMercadeo.